Antecedentes del revisionismo en Venezuela / (Registro nro. 41983)
[ vista simple ]
| 000 -CABECERA | |
|---|---|
| campo de control de longitud fija | 01012nam a2200193 a 4500 |
| 001 - NÚMERO DE CONTROL | |
| campo de control | 000042494 |
| 005 - FECHA Y HORA DE LA ÚLTIMA TRANSACCIÓN | |
| campo de control | 20201002040206.0 |
| 008 - DATOS DE LONGITUD FIJA--INFORMACIÓN GENERAL | |
| campo de control de longitud fija | 131204s1973 ve 000 0 spa d |
| 040 ## - FUENTE DE LA CATALOGACIÓN | |
| Centro catalogador/agencia de origen | DO-SdBNP |
| Lengua de catalogación | spa |
| Centro/agencia transcriptor | BNPHU |
| 082 ## - NÚMERO DE LA CLASIFICACIÓN DECIMAL DEWEY | |
| Número de clasificación | xxx |
| Número de documento/Ítem | xxx |
| 100 1# - ENTRADA PRINCIPAL--NOMBRE DE PERSONA | |
| Nombre de persona | Plaza, Salvador de la |
| 9 (RLIN) | 29670 |
| 245 10 - MENCIÓN DE TÍTULO | |
| Título | Antecedentes del revisionismo en Venezuela / |
| Mención de responsabilidad, etc. | Salvador de la Plaza, Jacques Duclos. |
| 260 ## - PUBLICACIÓN, DISTRIBUCIÓN, ETC. | |
| Lugar de publicación, distribución, etc. | Caracas, Venezuela : |
| Nombre del editor, distribuidor, etc. | Salvador de la Plaza, |
| Fecha de publicación, distribución, etc. | 1973. |
| 300 ## - DESCRIPCIÓN FÍSICA | |
| Extensión | 187 p. ; |
| Dimensiones | 21 cm. |
| 490 1# - MENCIÓN DE SERIE | |
| Mención de serie | Ideología |
| 505 0# - NOTA DE CONTENIDO CON FORMATO | |
| Nota de contenido con formato | Introducción -- |
| Título | Salvador de la Plaza -- |
| -- | La Revolución Venezolana y la estraegia revolucionaria -- |
| -- | Declaraciones de principios programáticos del Partido Revolucionario de Proletariado (Comunista) -- |
| -- | Contribución a la unidad del movimiento comunista.-- |
| -- | Apuntes para contribuir a guiar el estudio del revisionismo del marxismo en Venezuela -- |
| Mención de responsabilidad | Duclos, J. |
| Título | Sobre la disolución del Partido Comunista de los Estados Unidos -- |
| 700 12 - PUNTO DE ACCESO ADICIONAL--NOMBRE DE PERSONA | |
| Nombre de persona | Duclos, Jacques |
| 9 (RLIN) | 69690 |
| 830 #0 - PUNTO DE ACCESO ADICIONAL DE SERIE-TÍTULO UNIFORME | |
| Título uniforme | Ideología |
| 9 (RLIN) | 52478 |
| Estado de retiro | Estado de pérdida | Restricciones de uso | No para préstamo | Código de colección | Localización permanente | Ubicación/localización actual | Ubicación en estantería | Fecha de adquisición | Número de inventario | Total de préstamos | Signatura topográfica completa | Código de barras | Fecha visto por última vez | Precio válido a partir de | Tipo de ítem Koha |
|---|---|---|---|---|---|---|---|---|---|---|---|---|---|---|---|
| Excluido de préstamo | Monografías: Libros y Folletos | General | General | En catalogación | 04.12.2013 | LF1 | xxx xxx | 42494-10 | 25.06.2020 | 25.06.2020 | No se presta |
